| 000 | 00417nam a2200157Ia 4500 | ||
|---|---|---|---|
| 008 | 230917s9999||||xx |||||||||||||| ||und|| | ||
| 020 | _cPOU4 | ||
| 040 |
_e6721 _aMAIN |
||
| 041 | _aEnglish | ||
| 082 | _a301.045 D93L:E | ||
| 100 | _aLukes, Steven | ||
| 245 | 0 | _aEmile Durkheim: His life and works; A historical and critical study | |
| 260 |
_aLondon _bPenguin Books _c1977 |
||
| 300 | _axi, 670 p. | ||
| 942 | _cBK | ||
| 999 |
_c184319 _d184319 |
||